000 00576nam a2200181Ia 4500
008 090124s9999 xx 000 0 und d
082 _b109104
100 _aफुले महात्मा ज्योतीबा
245 _a गुलामगीरी
250 _a1
260 _c1961
300 _a112
600 _aफुले महात्मा ज्योतीबा
630 _a गुलामगीरी
700 _aफुले महात्मा ज्योतीबा
730 _a गुलामगीरी
942 _cBOOK
999 _c155195
_d155195